| 000 | 00686nam a2200217 u 4500 | ||
|---|---|---|---|
| 005 | 20240704063645.0 | ||
| 008 | 091127s2006 ag r 000 0 spa d | ||
| 020 | _a9871220561 (10 dígitos) | ||
| 020 | _a9789871220564 (13 dígitos) | ||
| 035 | _aUPN01000174027 | ||
| 049 | _aCG | ||
| 050 | 4 |
_aLB1507 _bD5.4 |
|
| 245 | 0 | 0 |
_aDiez miradas sobre la escuela primaria / _ccomp. Flavia Terigi. |
| 260 |
_aBuenos Aires : _bSiglo XXI : _bFundación OSDE, _c2006. |
||
| 300 | _a351 p. | ||
| 440 | 0 | _aEducación | |
| 650 | 4 |
_aEducación primaria _xFines y objetivos _916039 |
|
| 650 | 7 |
_aEducación primaria _xInvestigación _2 _916040 |
|
| 700 | 1 |
_aTerigi, Flavia, _ecomp. |
|
| 905 | _aLibro | ||
| 999 |
_c146131 _d146131 |
||